000 00783cam a2200265 4500
001 ABS63945
008 000000n2001 000 0 eng u
035 _a(Sirsi) u112661
110 _aCitex
_93836
245 _aWhole-life cost model
260 _c2001
490 _aBuilding
_v266(8184) 11 May 2001, 60-65(6)
520 _aCompares the whole-life costs of Egg's Pride Park call centre with those for a model of a call centre building developed by Citex.
590 _aABS
650 _aCALL CENTRES
650 _aCAPITAL COSTS
650 _aCOST MODELS
650 _aCOSTINGS
650 _aLIFE CYCLE COSTS
650 _aOCCUPANCY COSTS
650 _aOFFICE BUILDINGS
650 _aWHOLE LIFE COSTS
690 _aBUILT ENVIRONMENT-BUILDING COSTS
942 _n0
999 _c67059
_d67059